Průběrný odstřel srnčí zvěře

Bibliographic Details
Main Author: Kolář, Zdeněk, 1932-2024 (Author, Illustrator)
Format: Book
Language:Czech
PhysicalDescription:104 s. fotogr., ilustr. 20 cm
Published: Praha Státní zemědělské nakladatelství 1989
Edition:2. dopl. vyd.
Subjects:

MARC

LEADER 00000cam a2200000 a 4500
001 vtls001520422
003 SK-MaSNL
005 20260301122526.0
008 240314s1989 xr 000 0 cze
020 |q (brož.) 
040 |a SNK  |b slo  |c SNK  |e AACR2 
041 0 |a cze 
044 |a xr  |c CZ 
080 |a 639.111.1.081.2  |2 1981 
100 1 |a Kolář, Zdeněk,  |d 1932-2024  |4 aut  |4 ill  |9 262986 
245 1 0 |a Průběrný odstřel srnčí zvěře  |c Zdeněk Kolář 
250 |a 2. dopl. vyd. 
260 |a Praha  |b Státní zemědělské nakladatelství  |c 1989 
300 |a 104 s.  |b fotogr., ilustr.  |c 20 cm 
504 |a Obsahuje bibliografiu 
650 0 7 |a srnčia zver  |2 SNKPH  |9 2771 
650 0 7 |a poľovníctvo  |2 SNKPH  |9 2774 
650 0 7 |a odstrel zveri  |2 SNKPH  |9 409105 
655 7 |a informačné publikácie  |2 SNKPH  |9 70181 
710 2 |a Český myslivecký svaz  |4 pbl  |9 468182 
852 |a Slovenská národná knižnica 
999 |c 733144  |d 735074 
952 |a SNK  |b SNK  |y VYP  |7 0  |p 17A0462593  |o snkIC 112617 D1  |i snkKIP 9262/89  |3 rekatalogizácia  |0 0  |1 1  |4 0  |d 2005-03-18  |l 0  |r 2026-02-23 22:35:39  |w 2026-02-23